Loading...
PADMANABHASWAMY PILLAITAMIL
| Main Author: | |
|---|---|
| Other Authors: | |
| Format: | Printed Book |
| Published: |
TRIVANDRUM
ORI & MANUSCRIPT LIBRARY UNIVERSITY OF KERALA
|
| Subjects: |
| LEADER | 00532nam a2200169 4500 | ||
|---|---|---|---|
| 020 | |||
| 082 | |a 894.811 1 SAN | ||
| 100 | |a SANKARASUBRAMANIYA,SASTRI.N | ||
| 245 | |a PADMANABHASWAMY PILLAITAMIL |h TAMIL | ||
| 250 | |||
| 260 | |a TRIVANDRUM |b ORI & MANUSCRIPT LIBRARY UNIVERSITY OF KERALA | ||
| 300 | |a 88 p |f PB | ||
| 650 | |a PADMANABHASWAMY PILLAITAMIL | ||
| 700 | |a PADMAKUMARI, O | ||
| 942 | |c BK | ||
| 999 | |c 164684 |d 164684 | ||
| 952 | |0 0 |1 0 |4 0 |6 894_811000000000000_1_SAN |7 0 |9 178136 |a ORI |b ORI |l 0 |o 894.811 1 SAN |p ORIT186 |r 2019-10-25 |w 2019-10-25 |y BK | ||